Telangana times of turbulence, triumph/ (Record no. 175722)
[ view plain ]
| 000 -LEADER | |
|---|---|
| fixed length control field | 00725nam a22002057a 4500 |
| 005 - DATE AND TIME OF LATEST TRANSACTION | |
| control field | 20200923110325.0 |
| 010 ## - LCCN (DPL NO) | |
| LC control number | ENG-128451 |
| 020 ## - INTERNATIONAL STANDARD BOOK NUMBER | |
| Terms of availability | 150.00 |
| International Standard Book Number | 9789386327949 |
| 035 ## - SYSTEM CONTROL NUMBER | |
| System control number | EN-111983 |
| 037 ## - SOURCE OF ACQUISITION | |
| Source of stock number/acquisition | DBAD/PUB |
| 082 ## - DEWEY DECIMAL CLASSIFICATION NUMBER | |
| Classification number | 954.84 |
| 100 ## - MAIN ENTRY--PERSONAL NAME | |
| Personal name | Subrahmanyam, Vayuvegula |
| 245 ## - TITLE STATEMENT | |
| Title | Telangana times of turbulence, triumph/ |
| Statement of responsibility, etc | by Vayuvegula Subrahmanyam; edited by Dr. D. Chandrasekhara Reddy |
| 260 ## - PUBLICATION, DISTRIBUTION, ETC. (IMPRINT) | |
| Place of publication, distribution, etc | Vijaywada |
| Name of publisher, distributor, etc | EMESCO BOOKS |
| Date of publication, distribution, etc | 2017 |
| 270 ## - ADDRESS | |
| Address | 33-22-2, Chandram Buildings, C.R.Road, Chuttungunta |
| City | Vijaywada |
| Postal code | 520004 |
| Telephone number | 0866-2436643 |
| Electronic mail address | emescovja@gmail.com |
| 300 ## - PHYSICAL DESCRIPTION | |
| Extent | 287p. |
| Dimensions | 21cm(pbk) |
| 500 ## - GENERAL NOTE | |
| General note | Includes Appendix |
| 700 ## - ADDED ENTRY--PERSONAL NAME | |
| Personal name | Reddy, D. Chandrasekhar |
| 942 ## - ADDED ENTRY ELEMENTS (KOHA) | |
| Source of classification or shelving scheme | Dewey Decimal Classification |
| Item type | English Books |
| Classification part | 954.84 |
| Call number suffix | SUB |
| Withdrawn status | Lost status | Not for loan | Collection code | Home library | Current library | Date acquired | Source of acquisition | Cost, normal purchase price | Full call number | Barcode | Cost, replacement price | Koha item type |
|---|---|---|---|---|---|---|---|---|---|---|---|---|
| Non-fiction | Ashok Vihar | Ashok Vihar | 23/09/2020 | DBAD/PUB | 150.00 | 954.84 SUB | EN-111983 | 150.00 | English Books |
